• 首页
  • 本馆介绍
  • 公告通知
  • 最新文献
  • 馆藏检索
  • 电子资源
  • 读者导购
  • 参考咨询
  • 我的图书馆
  • 登录
  • 详细信息显示
  • 放入我的书架
  • 预约/预借图书
  • 作者相关作品
  • 分类相关作品
  • 丛书相关作品
  • 出版社相关作品

书目信息

  • 表格格式
  • 工作单格式
  • 卡片格式
题名:
货币战争
    
 
作者: 宋鸿兵 著
分册: 2   金权天下
出版信息: 北京   中信出版社  2012
页数: 11,348页
开本: 23cm
丛书名:
单 册:
中图分类: F831.9
科图分类:
主题词: 金融--经济史--世界 , 金融 , 经济史
电子资源:
ISBN: 978-7-5086-3579-8
000 01018nam0 2200277 450
001 523
005 20140909103025.37
010    @a978-7-5086-3579-8@dCNY45.00
100    @a20121127d2012 em y0chiy50 ea
101 0  @achi
102    @aCN@b110000
105    @aa z 000yy
106    @ar
200 1  @a货币战争@AHuo Bi Zhan Zheng@h2@i金权天下@IJin Quan Tian Xia@f宋鸿兵著@FSong Hong Bing Zhu
210    @a北京@c中信出版社@d2012
215    @a11,348页@c照片,图@d23cm
300    @a升级版
304    @a英文共同题名:Currency wars
330    @a本书共10个部分,主要内容包括:谁是国际银行家、戛然而止的战争、跨越大西洋的人脉网络、金融家与政治家、金融创新的革命、纽约的上流社会、希夫的时代、阿加迪尔事件、哈瓦拉计划、大棋局、核心机密、国会的调查、公众意见塑造、谁是上帝之手、危机来得正是时候等。
606 0  @a金融@x经济史@y世界
606 0  @a金融
606 0  @a经济史
690    @aF831.9@v5
701  0 @a宋鸿兵@ASong Hong Bing@c(金融)@4著
801  0 @aCN@bTANGWEI@c20140603
905    @b0841715-17@dF831.9@e58@f3
    
    货币战争.2.金权天下/宋鸿兵著.-北京:中信出版社,2012
    11,348页:照片,图;23cm
    升级版
    
    ISBN 978-7-5086-3579-8:CNY45.00
    本书共10个部分,主要内容包括:谁是国际银行家、戛然而止的战争、跨越大西洋的人脉网络、金融家与政治家、金融创新的革命、纽约的上流社会、希夫的时代、阿加迪尔事件、哈瓦拉计划、大棋局、核心机密、国会的调查、公众意见塑造、谁是上帝之手、危机来得正是时候等。
●
相关链接 在E读中查询图书 在五车中查询图书 在当当中查询图书 在豆瓣中查询图书


正题名:货币战争     索取号:F831.9/58         预约/预借

序号 登录号 条形码 馆藏地/架位号 状态 备注
1 0841715   208417159   第一样本阅览室/ [索取号:F831.9/58] 在馆    
2 0841716   208417168   密集书库-海洋学院/ [索取号:F831.9/58] 在馆    
3 0841717   208417177   第一借阅区/ [索取号:F831.9/58] 在馆    
唐山师范学院图书馆 欢迎您!
大连网信软件有限公司© 版权所有